Fiesta! Fiesta! (Record no. 300640)
[ view plain ]
| 000 -LEADER | |
|---|---|
| fixed length control field | 00735nam a2200241Ia 4500 |
| 008 - FIXED-LENGTH DATA ELEMENTS--GENERAL INFORMATION | |
| fixed length control field | 160819s9999 xx 000 0 und d |
| 050 ## - LIBRARY OF CONGRESS CALL NUMBER | |
| Classification number | CUL TX 724.5 |
| 050 ## - LIBRARY OF CONGRESS CALL NUMBER | |
| Item number | .P5A44 2008 |
| 100 ## - MAIN ENTRY--PERSONAL NAME | |
| Personal name | Alejandro, Reynaldo G. |
| 245 ## - TITLE STATEMENT | |
| Title | Fiesta! Fiesta! |
| 245 ## - TITLE STATEMENT | |
| Remainder of title | festival foods of the Philippines / |
| 245 ## - TITLE STATEMENT | |
| Statement of responsibility, etc | Reynaldo G. Alejadro, Millie Albano Reyes, Vecente Roman S. Santos. |
| 260 ## - PUBLICATION, DISTRIBUTION, ETC. (IMPRINT) | |
| Place of publication, distribution, etc | Manila : |
| 260 ## - PUBLICATION, DISTRIBUTION, ETC. (IMPRINT) | |
| Name of publisher, distributor, etc | KCC Innovation Inc., |
| 260 ## - PUBLICATION, DISTRIBUTION, ETC. (IMPRINT) | |
| Date of publication, distribution, etc | 2008 |
| 300 ## - PHYSICAL DESCRIPTION | |
| Extent | 199 pages : |
| 300 ## - PHYSICAL DESCRIPTION | |
| Other physical details | color illustrations ; |
| 300 ## - PHYSICAL DESCRIPTION | |
| Dimensions | 24 cm. |
| 500 ## - GENERAL NOTE | |
| General note | Includes bibliographical references. |
| 650 ## - SUBJECT ADDED ENTRY--TOPICAL TERM | |
| Topical term or geographic name as entry element | Cookery, Philippines. |
| 650 ## - SUBJECT ADDED ENTRY--TOPICAL TERM | |
| Topical term or geographic name as entry element | Philippines -- Social life and customs. |
| 650 ## - SUBJECT ADDED ENTRY--TOPICAL TERM | |
| General subdivision | Festivals -- Philippines. |
| Withdrawn status | Lost status | Damaged status | Home library | Current library | Shelving location | Date acquired | Total Checkouts | Full call number | Barcode | Date last seen | Price effective from | Koha item type |
|---|---|---|---|---|---|---|---|---|---|---|---|---|
| South Mansfield College | South Mansfield College | 07/10/2012 | CUL TX 724.5 .P5A44 2008 | SMC05764 | 08/19/2016 | 08/19/2016 |